| 000 | 00781nam a22002297a 4500 | ||
|---|---|---|---|
| 005 | 20160622092016.0 | ||
| 008 | 140114s2012 sp a frb 000 0 spa d | ||
| 020 | _a9788437630380 | ||
| 040 |
_aCO-BoUCM _cAngélica Rojas _dDiana Londoño _bspa |
||
| 041 | 0 | 0 | _aspa |
| 100 | 1 |
_aZambrano, María _953231 |
|
| 245 | 1 | 2 |
_aLa tumba de Antígona _cMaría Zambrano ; edición de Virginia Trueba Mira |
| 260 |
_aMadrid (España) _bCátedra _c2012 |
||
| 300 |
_a285 páginas _bilustraciones |
||
| 490 | 0 |
_aLetras Hispánicas _v708 |
|
| 650 | 7 |
_925065 _aTeatro griego |
|
| 650 | 7 |
_976 _aLiteratura griega |
|
| 690 |
_942864 _aLiteratura griega |
||
| 700 | 1 |
_aTrueba, Virginia _eeditor _953236 |
|
| 942 |
_a18 _cLIBRO _e1 _mZ24t _2DEWEY _h882.1 _n0 |
||
| 999 |
_c182793 _d182793 |
||